[Event "Valencia tch - Division de Honor"]
[Site "Comunidad Valenciana"]
[Date "2009.01.17"]
[Round "2.8"]
[White "Sanchez Saez, Francisco"]
[Black "Del Valle Domenech, Rafael"]
[Result "1-0"]
[WhiteElo "2183"]
[BlackElo "2137"]
[PlyCount "67"]
[EventDate "2009.01.10"]
[EventType "team"]
[EventRounds "9"]
[EventCountry "ESP"]
[Source "lmi"]
[SourceDate "2009.01.10"]
[WhiteTeam "Alzicap"]
[BlackTeam "Alfas del Pi - Servicar"]

1. e4 Nf6 2. Nc3 d5 3. e5 Ne4 4. Nce2 f6 5. d3 Nc5 6. d4 Ne6 7. f4 g6 8. f5 Ng7
9. fxg6 hxg6 10. Nf4 Bf5 11. Bd3 Kf7 12. Bxf5 gxf5 13. Nf3 Nc6 14. Qe2 e6 15.
Nh3 Be7 16. c3 fxe5 17. Nhg5+ Bxg5 18. Bxg5 Qd6 19. dxe5 Qc5 20. Bf6 Rh6 21.
Qd2 Rg6 22. Ng5+ Kg8 23. h4 d4 24. h5 dxc3 25. bxc3 Rxf6 26. exf6 Qe5+ 27. Kf1
Qxf6 28. h6 Rd8 29. Qf4 Ne8 30. Re1 e5 31. Qc4+ Kh8 32. Nf7+ Kh7 33. Nxd8 Nxd8
34. Rd1 1-0

[Event "Valencia tch - Division de Honor"]
[Site "Comunidad Valenciana"]
[Date "2009.01.24"]
[Round "3.2"]
[White "Kovacevic, Slobodan"]
[Black "Sanchez Guirado, Francisco"]
[Result "1/2-1/2"]
[WhiteElo "2389"]
[BlackElo "2415"]
[PlyCount "42"]
[EventDate "2009.01.10"]
[EventType "team"]
[EventRounds "9"]
[EventCountry "ESP"]
[Source "lmi"]
[SourceDate "2009.01.10"]
[WhiteTeam "Burjassot"]
[BlackTeam "Alzicap"]

1. d4 Nf6 2. Nf3 d6 3. Bf4 g6 4. e3 Bg7 5. h3 O-O 6. Be2 c6 7. O-O a6 8. a4 a5
9. Nbd2 Bf5 10. c3 Na6 11. Re1 Qb6 12. Nc4 Qc7 13. Bh2 Nb8 14. Nfd2 Ne4 15. Nb3
Be6 16. f3 Nf6 17. e4 Nbd7 18. Ne3 Bh6 19. Bf1 Qb6 20. Nc4 Qd8 21. Ne3 Qb6
1/2-1/2

[Event "Valencia tch - Division de Honor"]
[Site "Comunidad Valenciana"]
[Date "2009.01.24"]
[Round "3.3"]
[White "Ibañez Aullana, Jose Ramon"]
[Black "Mompo Ballester, Vicente"]
[Result "0-1"]
[WhiteElo "2308"]
[BlackElo "2228"]
[PlyCount "82"]
[EventDate "2009.01.10"]
[EventType "team"]
[EventRounds "9"]
[EventCountry "ESP"]
[Source "lmi"]
[SourceDate "2009.01.10"]
[WhiteTeam "Alzicap"]
[BlackTeam "Burjassot"]

1. e4 c5 2. c3 g6 3. d4 cxd4 4. cxd4 d5 5. exd5 Nf6 6. Nc3 Nxd5 7. Nf3 Bg7 8.
Bc4 Nxc3 9. bxc3 O-O 10. O-O Qc7 11. Bb3 Qxc3 12. Be3 Qa5 13. Bg5 e6 14. Rc1
Nc6 15. Rc5 Qb6 16. Be3 Qd8 17. Qd2 Qe7 18. Re1 Rd8 19. Qc1 Qf8 20. Bg5 Rd6 21.
d5 exd5 22. Bxd5 Be6 23. Bxe6 Rxe6 24. Rxe6 fxe6 25. Qc4 Kh8 26. Rb5 Qf7 27.
Be3 Qd7 28. h3 Rc8 29. Ng5 a6 30. Rc5 b6 31. Qh4 h6 32. Rc1 Ne5 33. Rxc8+ Qxc8
34. Ne4 Nf7 35. Qe7 Ne5 36. Qh4 Qf8 37. Bxb6 g5 38. Qg3 Qb4 39. Qe3 Nc4 40. Qc5
Qe1+ 41. Kh2 Qxe4 0-1

[Event "Valencia tch - Division de Honor"]
[Site "Comunidad Valenciana"]
[Date "2009.01.24"]
[Round "3.4"]
[White "Marin Corresa, Arturo"]
[Black "Mullor Gomez, Luis"]
[Result "0-1"]
[WhiteElo "2180"]
[BlackElo "2353"]
[PlyCount "100"]
[EventDate "2009.01.10"]
[EventType "team"]
[EventRounds "9"]
[EventCountry "ESP"]
[Source "lmi"]
[SourceDate "2009.01.10"]
[WhiteTeam "Burjassot"]
[BlackTeam "Alzicap"]

1. d4 c5 2. e3 Nf6 3. c4 g6 4. Nc3 Bg7 5. g3 O-O 6. Bg2 d6 7. Nge2 Nc6 8. O-O
Bf5 9. h3 Qc8 10. g4 Bd7 11. Ng3 h6 12. d5 Na5 13. Qe2 a6 14. Bd2 b5 15. b3 b4
16. Nd1 Nxg4 17. Rc1 Nf6 18. Kh2 Nb7 19. e4 h5 20. Bg5 Re8 21. Qd2 a5 22. Bh6
a4 23. Bxg7 Kxg7 24. f4 axb3 25. axb3 h4 26. Ne2 Ra3 27. e5 Nh5 28. Qb2 Kg8 29.
Ne3 Na5 30. e6 fxe6 31. Qc2 Kg7 32. Be4 Ng3 33. Rg1 Rxb3 34. Nxg3 hxg3+ 35.
Rxg3 Rh8 36. Bxg6 Kf8 37. dxe6 Bxe6 38. f5 Bg8 39. f6 exf6 40. Qf2 Qe6 41. Re1
Qe5 42. Qg2 Rb2 43. Bc2 d5 44. cxd5 Bxd5 45. Nxd5 Qxe1 46. Nxf6 b3 47. Qa8+ Kf7
48. Qa7+ Kxf6 49. Qg7+ Ke6 50. Qxb2 Rf8 0-1

[Event "Valencia tch - Division de Honor"]
[Site "Comunidad Valenciana"]
[Date "2009.01.24"]
[Round "3.5"]
[White "Toledano Llinares, Juan Antonio"]
[Black "Quiñonero Simon, Jose"]
[Result "1-0"]
[WhiteElo "2334"]
[BlackElo "2207"]
[PlyCount "97"]
[EventDate "2009.01.10"]
[EventType "team"]
[EventRounds "9"]
[EventCountry "ESP"]
[Source "lmi"]
[SourceDate "2009.01.10"]
[WhiteTeam "Alzicap"]
[BlackTeam "Burjassot"]

1. g3 e5 2. Bg2 Nc6 3. c4 d6 4. e3 g6 5. d4 Bg7 6. d5 Nb8 7. e4 Nf6 8. Ne2 O-O
9. Nbc3 Nh5 10. Be3 f5 11. Qd2 Nf6 12. f3 Na6 13. h3 Bd7 14. O-O Qe8 15. Rf2
Nh5 16. exf5 gxf5 17. f4 Qg6 18. Bf3 exf4 19. Nxf4 Nxf4 20. Bxf4 Rae8 21. Re1
Rxe1+ 22. Qxe1 Nc5 23. Qd1 a6 24. Kh2 Ne4 25. Nxe4 fxe4 26. Bg4 Bxg4 27. Qxg4
Qxg4 28. hxg4 Bd4 29. Re2 Re8 30. g5 Kg7 31. Kh3 Kg6 32. Kg4 Bg7 33. c5 Bf8 34.
cxd6 Bxd6 35. b3 Re7 36. Rc2 a5 37. Rb2 Bc5 38. Re2 b6 39. b4 Bxb4 40. Rh2 Bc5
41. Rh6+ Kg7 42. Re6 Kf7 43. Rxe7+ Kxe7 44. Bxc7 Kd7 45. Bf4 Ke7 46. Be5 Bd6
47. Bd4 Bc5 48. Bxc5+ bxc5 49. Kf4 1-0

[Event "Valencia tch - Division de Honor"]
[Site "Comunidad Valenciana"]
[Date "2009.01.24"]
[Round "3.1"]
[White "Fenollar Jorda, Manuel"]
[Black "Movsziszian, Karen"]
[Result "1-0"]
[WhiteElo "2341"]
[BlackElo "2564"]
[PlyCount "85"]
[EventDate "2009.01.10"]
[EventType "team"]
[EventRounds "9"]
[EventCountry "ESP"]
[Source "lmi"]
[SourceDate "2009.01.10"]
[WhiteTeam "Oliva"]
[BlackTeam "Alfas del Pi - Servicar"]

1. d4 Nf6 2. Nf3 g6 3. Bg5 Bg7 4. Nbd2 O-O 5. e4 d6 6. Bc4 c5 7. dxc5 dxc5 8.
e5 Ng4 9. Qe2 Nc6 10. O-O-O Qc7 11. e6 f5 12. h3 Nf6 13. Qe3 Nb4 14. Nb3 b5 15.
Bxb5 Nfd5 16. Rxd5 Nxd5 17. Qxc5 Qxc5 18. Nxc5 Rb8 19. c4 a6 20. b3 Nc3 21. Bd7
Nxa2+ 22. Kd2 Bxd7 23. exd7 Kf7 24. Bf4 Bf6 25. Ne5+ Bxe5 26. Bxe5 Rb6 27. Bc7
Rc6 28. d8=Q Rxd8+ 29. Bxd8 Rd6+ 30. Kc2 Rxd8 31. Ra1 Nb4+ 32. Kc3 Nc6 33. Rxa6
Nd4 34. b4 Ne2+ 35. Kb3 Rd1 36. b5 Rb1+ 37. Ka4 Nd4 38. b6 Ra1+ 39. Kb4 Nc6+
40. Kb3 Rb1+ 41. Kc2 Rf1 42. b7 Nb4+ 43. Kc3 1-0

[Event "Valencia tch - Division de Honor"]
[Site "Comunidad Valenciana"]
[Date "2009.01.24"]
[Round "3.2"]
[White "Suba, Mihai"]
[Black "Mengual Bolo, Carlos"]
[Result "1-0"]
[WhiteElo "2542"]
[BlackElo "2109"]
[PlyCount "101"]
[EventDate "2009.01.10"]
[EventType "team"]
[EventRounds "9"]
[EventCountry "ESP"]
[Source "lmi"]
[SourceDate "2009.01.10"]
[WhiteTeam "Alfas del Pi - Servicar"]
[BlackTeam "Oliva"]

1. Nf3 d5 2. c4 c6 3. e3 Nf6 4. Nc3 g6 5. d4 Bg7 6. Be2 O-O 7. O-O Bg4 8. h3
Bxf3 9. Bxf3 e6 10. Qe2 Nbd7 11. Rd1 Re8 12. g3 Qe7 13. Bg2 a6 14. a4 Rad8 15.
b3 Qd6 16. Ba3 Qb8 17. Rac1 Bf8 18. Bxf8 Kxf8 19. b4 Nb6 20. c5 Nbd7 21. b5
axb5 22. axb5 e5 23. Qb2 e4 24. Ra1 Qc7 25. b6 Qc8 26. Ra7 Nb8 27. Ne2 Qd7 28.
Rda1 Ng8 29. Nc1 Ne7 30. Nb3 Qc8 31. Na5 Rd7 32. Bf1 Nf5 33. Be2 Ng7 34. Kg2
Ne6 35. h4 f5 36. h5 g5 37. h6 g4 38. Rh1 Rf7 39. Rh5 Nd8 40. Ra8 Kg8 41. Rg5+
Kh8 42. Nc4 Rf6 43. Nd6 Rxd6 44. cxd6 Nf7 45. Rg7 Nxd6 46. Qa1 Qe6 47. Qh1 Nd7
48. Ra7 Nxb6 49. Qh5 Rf8 50. Qg5 Nd7 51. Rxh7+ 1-0

[Event "Valencia tch - Division de Honor"]
[Site "Comunidad Valenciana"]
[Date "2009.01.24"]
[Round "3.3"]
[White "Deruelle Sala, Albert"]
[Black "Arizmendi Martinez, Julen Luis"]
[Result "0-1"]
[WhiteElo "2117"]
[BlackElo "2498"]
[PlyCount "94"]
[EventDate "2009.01.10"]
[EventType "team"]
[EventRounds "9"]
[EventCountry "ESP"]
[Source "lmi"]
[SourceDate "2009.01.10"]
[WhiteTeam "Oliva"]
[BlackTeam "Alfas del Pi - Servicar"]

1. d4 d6 2. c4 e5 3. dxe5 dxe5 4. Qxd8+ Kxd8 5. Nf3 f6 6. Nc3 Be6 7. e4 c6 8.
Be3 Nd7 9. Be2 a5 10. O-O Bc5 11. Bxc5 Nxc5 12. Nd2 Ne7 13. Nb3 Nxb3 14. axb3
Kc7 15. Na4 Rhd8 16. Rfd1 b6 17. c5 b5 18. Nb6 Rxd1+ 19. Bxd1 Rd8 20. Kf1 Rd2
21. Ke1 Rxb2 22. Rxa5 Kb7 23. Ra3 g5 24. h3 Nc8 25. g3 Nxb6 26. cxb6 Kxb6 27.
Ra8 Bxb3 28. Bxb3 Rxb3 29. Rf8 Rd3 30. Rxf6 Rd8 31. f4 gxf4 32. gxf4 Rd4 33. f5
Rxe4+ 34. Kd2 Rh4 35. Re6 Rxh3 36. Rxe5 Kc7 37. f6 Rf3 38. Re7+ Kd6 39. Rxh7
Rxf6 40. Kd3 Kc5 41. Rh5+ Kb4 42. Rh4+ Kb3 43. Kd4 Rf5 44. Rh3+ Kb4 45. Ke4 Rd5
46. Rh6 Kc5 47. Rg6 b4 0-1

[Event "Valencia tch - Division de Honor"]
[Site "Comunidad Valenciana"]
[Date "2009.01.24"]
[Round "3.4"]
[White "Cossin, Sebastien"]
[Black "Engo Pardo, Javier"]
[Result "1-0"]
[WhiteElo "2471"]
[BlackElo "2131"]
[PlyCount "87"]
[EventDate "2009.01.10"]
[EventType "team"]
[EventRounds "9"]
[EventCountry "ESP"]
[Source "lmi"]
[SourceDate "2009.01.10"]
[WhiteTeam "Alfas del Pi - Servicar"]
[BlackTeam "Oliva"]

1. d4 Nf6 2. c4 g6 3. f3 Bg7 4. e4 d6 5. Nc3 O-O 6. Be3 e5 7. d5 c6 8. Qd2 cxd5
9. cxd5 Nbd7 10. Bd3 h5 11. Nge2 a6 12. b4 a5 13. bxa5 Nc5 14. O-O Qxa5 15.
Rab1 Nfd7 16. Rb5 Qa3 17. Bb1 b6 18. Qc2 Qa7 19. Rb4 Qa3 20. Rb5 Qa7 21. Rd1
Ba6 22. Rb4 Rfc8 23. Qd2 Bxe2 24. Nxe2 Qa3 25. Rb2 Qa5 26. Nc3 Na4 27. Nxa4
Qxa4 28. Bd3 Qa7 29. Bb5 Nc5 30. Bc6 Rab8 31. Rdb1 Bf6 32. a4 Bd8 33. h3 Bc7
34. Kh2 Kh7 35. Rb5 f6 36. a5 bxa5 37. Bxc5 dxc5 38. d6 Rxb5 39. Rxb5 Bb6 40.
d7 Rd8 41. Qd6 a4 42. Qxf6 a3 43. Bd5 a2 44. Rxb6 1-0

[Event "Valencia tch - Division de Honor"]
[Site "Comunidad Valenciana"]
[Date "2009.01.24"]
[Round "3.5"]
[White "Reig Muñoz, Jose Enrique"]
[Black "Granero Roca, Antonio"]
[Result "0-1"]
[WhiteElo "2063"]
[BlackElo "2386"]
[PlyCount "82"]
[EventDate "2009.01.10"]
[EventType "team"]
[EventRounds "9"]
[EventCountry "ESP"]
[Source "lmi"]
[SourceDate "2009.01.10"]
[WhiteTeam "Oliva"]
[BlackTeam "Alfas del Pi - Servicar"]

1. d4 c5 2. dxc5 Na6 3. e4 Nxc5 4. Nc3 d6 5. Be3 Bd7 6. Qd2 Rc8 7. f3 Nf6 8.
Nge2 e6 9. Nd4 Be7 10. Be2 a6 11. O-O Qc7 12. Rfd1 b5 13. a3 O-O 14. Bf1 Rfd8
15. Qf2 e5 16. Nde2 Qb7 17. Ng3 Be6 18. Rd2 d5 19. exd5 Nxd5 20. Nxd5 Rxd5 21.
Rad1 Rxd2 22. Qxd2 f5 23. f4 e4 24. Ne2 Bf7 25. h3 Bf8 26. g4 fxg4 27. hxg4 Na4
28. b3 Nb6 29. Ng3 Nd5 30. Bd4 e3 31. Qg2 Qc7 32. Be5 Qc5 33. Ne2 Re8 34. c4
bxc4 35. b4 Qc6 36. Nd4 Qa4 37. Qc2 Qxa3 38. Bxc4 e2 39. Nxe2 Qe3+ 40. Kg2 Rc8
41. Qd3 Qxd3 0-1

[Event "Valencia tch - Division de Honor"]
[Site "Comunidad Valenciana"]
[Date "2009.01.24"]
[Round "3.6"]
[White "Cano Sanchez, Josue"]
[Black "Colomar Llorca, Luis Miguel"]
[Result "1-0"]
[WhiteElo "2273"]
[BlackElo "2094"]
[PlyCount "45"]
[EventDate "2009.01.10"]
[EventType "team"]
[EventRounds "9"]
[EventCountry "ESP"]
[Source "lmi"]
[SourceDate "2009.01.10"]
[WhiteTeam "Alfas del Pi - Servicar"]
[BlackTeam "Oliva"]

1. d4 f5 2. Bg5 g6 3. e4 fxe4 4. Nc3 Nf6 5. f3 e3 6. Bxe3 Bg7 7. Qd2 e6 8.
O-O-O b6 9. Nh3 Bb7 10. Bc4 Nc6 11. Rhe1 Na5 12. Bb5 a6 13. Bd3 Qe7 14. Bg5
O-O-O 15. Qe2 b5 16. Bxb5 axb5 17. Qxb5 Nc6 18. d5 Nb8 19. d6 cxd6 20. Qb6 Bc6
21. Rd4 d5 22. Rb4 Qd6 23. Nb5 1-0

[Event "Valencia tch - Division de Honor"]
[Site "Comunidad Valenciana"]
[Date "2009.01.24"]
[Round "3.1"]
[White "Cabrera Pino, Alexis"]
[Black "Alvarez Ibarra, Rafael"]
[Result "1-0"]
[WhiteElo "2507"]
[BlackElo "2377"]
[PlyCount "20"]
[EventDate "2009.01.10"]
[EventType "team"]
[EventRounds "9"]
[EventCountry "ESP"]
[Source "lmi"]
[SourceDate "2009.01.10"]
[WhiteTeam "Mislata"]
[BlackTeam "C.M. Castellon"]

1. e4 c5 2. Nf3 e6 3. d4 cxd4 4. Nxd4 a6 5. Nc3 Qc7 6. Bd3 Nf6 7. Be2 d6 8. O-O
Nbd7 9. Kh1 Be7 10. f4 b5 1-0

[Event "Valencia tch - Division de Honor"]
[Site "Comunidad Valenciana"]
[Date "2009.01.24"]
[Round "3.2"]
[White "Roca Galarza, Jose"]
[Black "Garcia Roman, Daniel"]
[Result "1/2-1/2"]
[WhiteElo "2320"]
[BlackElo "2446"]
[PlyCount "26"]
[EventDate "2009.01.10"]
[EventType "team"]
[EventRounds "9"]
[EventCountry "ESP"]
[Source "lmi"]
[SourceDate "2009.01.10"]
[WhiteTeam "C.M. Castellon"]
[BlackTeam "Mislata"]

1. Nf3 Nf6 2. c4 c5 3. Nc3 Nc6 4. g3 g6 5. d4 cxd4 6. Nxd4 Bg7 7. Bg2 O-O 8.
O-O Ng4 9. e3 d6 10. Nde2 Nge5 11. b3 Rb8 12. Bb2 a6 13. Qd2 Bh3 1/2-1/2

[Event "Valencia tch - Division de Honor"]
[Site "Comunidad Valenciana"]
[Date "2009.01.24"]
[Round "3.3"]
[White "Vassallo Barroche, Mauricio"]
[Black "Varley, Peter"]
[Result "1/2-1/2"]
[WhiteElo "2423"]
[BlackElo "2259"]
[PlyCount "104"]
[EventDate "2009.01.10"]
[EventType "team"]
[EventRounds "9"]
[EventCountry "ESP"]
[Source "lmi"]
[SourceDate "2009.01.10"]
[WhiteTeam "Mislata"]
[BlackTeam "C.M. Castellon"]

1. Nf3 Nf6 2. c4 c6 3. Nc3 d5 4. e3 g6 5. d4 Bg7 6. Be2 O-O 7. O-O Bg4 8. Qb3
Qb6 9. h3 Bxf3 10. Bxf3 e6 11. Rd1 Nbd7 12. Bd2 Rfe8 13. Be1 Rab8 14. cxd5 exd5
15. Qc2 Nf8 16. b4 Rbc8 17. Rab1 Ne6 18. h4 Qd8 19. g3 b5 20. a4 a6 21. Ne2 Qd7
22. Bg2 Nc7 23. Nf4 Ne4 24. Rbc1 Ne6 25. Nd3 Nd8 26. Ra1 Qf5 27. Ra2 Ne6 28.
axb5 axb5 29. Nc5 N6xc5 30. bxc5 Qd7 31. Rda1 h5 32. Ra7 Rc7 33. Ra8 Nf6 34.
R8a6 Ng4 35. Ra8 Kh7 36. Rxe8 Qxe8 37. Qd3 Re7 38. Bd2 Bh6 39. Ra3 Re6 40. Bh3
Qe7 41. Bxg4 hxg4 42. Ra6 Qf6 43. Ra3 Qf3 44. Be1 Re4 45. Rb3 Bg7 46. Ba5 Bf6
47. Qb1 Bxh4 48. Qf1 Bg5 49. Bc7 Re8 50. Rb1 Kg7 51. Ra1 Bf6 52. Bf4 Bd8
1/2-1/2

[Event "Valencia tch - Division de Honor"]
[Site "Comunidad Valenciana"]
[Date "2009.01.24"]
[Round "3.4"]
[White "Jordan Martinez, David"]
[Black "Garcia Ramos, Javier"]
[Result "1-0"]
[WhiteElo "2130"]
[BlackElo "2262"]
[PlyCount "31"]
[EventDate "2009.01.10"]
[EventType "team"]
[EventRounds "9"]
[EventCountry "ESP"]
[Source "lmi"]
[SourceDate "2009.01.10"]
[WhiteTeam "C.M. Castellon"]
[BlackTeam "Mislata"]

1. e4 e5 2. Nf3 Nc6 3. Bc4 f5 4. d4 fxe4 5. Nxe5 d5 6. Bb5 Qd6 7. O-O a6 8.
Bxc6+ bxc6 9. Bf4 Nf6 10. Ng6 hxg6 11. Bxd6 Bxd6 12. h3 Bg4 13. f3 exf3 14.
hxg4 f2+ 15. Kxf2 Ne4+ 16. Ke3 1-0

[Event "Valencia tch - Division de Honor"]
[Site "Comunidad Valenciana"]
[Date "2009.01.24"]
[Round "3.5"]
[White "Pena Riasco, Alexander"]
[Black "Orti Camany, Vicente Jose"]
[Result "1-0"]
[WhiteElo "2228"]
[BlackElo "2159"]
[PlyCount "45"]
[EventDate "2009.01.10"]
[EventType "team"]
[EventRounds "9"]
[EventCountry "ESP"]
[Source "lmi"]
[SourceDate "2009.01.10"]
[WhiteTeam "Mislata"]
[BlackTeam "C.M. Castellon"]

1. e4 e5 2. Nf3 Nc6 3. d4 exd4 4. Bc4 Nf6 5. e5 d5 6. Bb5 Ne4 7. Nxd4 Bd7 8.
Bxc6 bxc6 9. O-O Bc5 10. f3 Ng5 11. f4 Ne4 12. Be3 Qe7 13. Nd2 Nxd2 14. Qxd2
O-O 15. Rae1 Rab8 16. c3 Rfe8 17. Kh1 Qh4 18. f5 Qh5 19. e6 fxe6 20. fxe6 Bc8
21. Nxc6 Bxe3 22. Qxe3 Rxb2 23. Qf4 1-0

[Event "Valencia tch - Division de Honor"]
[Site "Comunidad Valenciana"]
[Date "2009.01.24"]
[Round "3.6"]
[White "Jordan Martinez, Miguel"]
[Black "Pavia Miralles, Jose Manuel"]
[Result "1-0"]
[WhiteElo "2051"]
[BlackElo "2222"]
[PlyCount "55"]
[EventDate "2009.01.10"]
[EventType "team"]
[EventRounds "9"]
[EventCountry "ESP"]
[Source "lmi"]
[SourceDate "2009.01.10"]
[WhiteTeam "C.M. Castellon"]
[BlackTeam "Mislata"]

1. e4 c5 2. Nf3 e6 3. c4 Nc6 4. Nc3 Nf6 5. d3 d6 6. Be2 Be7 7. O-O O-O 8. d4
cxd4 9. Nxd4 a6 10. Be3 Qc7 11. Rc1 Re8 12. f3 Ne5 13. b3 b6 14. f4 Ned7 15. g4
Bb7 16. Bf3 Nc5 17. Qc2 h5 18. h3 hxg4 19. hxg4 e5 20. Nf5 exf4 21. Bxf4 Bf8
22. Nd5 Qd8 23. Rce1 Rc8 24. Re2 Ne6 25. Be3 Nd7 26. Rh2 Bxd5 27. exd5 Ng5 28.
Bxg5 1-0

[Event "Valencia tch - Division de Honor"]
[Site "Comunidad Valenciana"]
[Date "2009.01.24"]
[Round "3.7"]
[White "Valero Perez, Fco. Javier"]
[Black "Roig Aguilar, Alejandro"]
[Result "0-1"]
[WhiteElo "2182"]
[BlackElo "2096"]
[PlyCount "84"]
[EventDate "2009.01.10"]
[EventType "team"]
[EventRounds "9"]
[EventCountry "ESP"]
[Source "lmi"]
[SourceDate "2009.01.10"]
[WhiteTeam "Mislata"]
[BlackTeam "C.M. Castellon"]

1. d4 d5 2. c3 Nf6 3. Bf4 g6 4. e3 Bg7 5. Nf3 O-O 6. h3 c5 7. Bd3 b6 8. Ne5 Bb7
9. Nd2 Nfd7 10. O-O Nc6 11. Nxd7 Qxd7 12. Nf3 Rae8 13. Bb5 f6 14. Bg3 a6 15.
Ba4 e5 16. Rc1 b5 17. Bc2 e4 18. Nd2 c4 19. b3 f5 20. bxc4 dxc4 21. a4 Ne7 22.
axb5 axb5 23. Ra1 Nd5 24. Ra3 Ra8 25. Qa1 Bc6 26. Rb1 Rfe8 27. Qb2 Rxa3 28.
Qxa3 Ra8 29. Qb2 Qa7 30. Nxe4 fxe4 31. Bxe4 Qd7 32. Bf3 Bf8 33. e4 Ba3 34. Qd2
Nf6 35. d5 Bb7 36. e5 Nxd5 37. Rd1 Rd8 38. Bh4 Be7 39. Bg4 Qc7 40. Be6+ Kh8 41.
Qh6 Nxc3 42. Re1 Qc6 0-1

[Event "Valencia tch - Division de Honor"]
[Site "Comunidad Valenciana"]
[Date "2009.01.24"]
[Round "3.8"]
[White "Mezquita Broch, Pascual"]
[Black "Sanchez Perona, Alejandro"]
[Result "0-1"]
[WhiteElo "1983"]
[BlackElo "2102"]
[PlyCount "78"]
[EventDate "2009.01.10"]
[EventType "team"]
[EventRounds "9"]
[EventCountry "ESP"]
[Source "lmi"]
[SourceDate "2009.01.10"]
[WhiteTeam "C.M. Castellon"]
[BlackTeam "Mislata"]

1. e4 c6 2. d4 d5 3. e5 Bf5 4. c4 e6 5. Nc3 Bb4 6. a3 Bxc3+ 7. bxc3 dxc4 8.
Bxc4 Nd7 9. Ne2 Ne7 10. a4 h6 11. Ba3 Nb6 12. Bd3 Bxd3 13. Qxd3 Nbd5 14. O-O b6
15. Rfd1 Ng6 16. c4 Nde7 17. Qe4 Qd7 18. Bd6 O-O 19. h4 f5 20. exf6 Qxd6 21.
fxe7 Nxe7 22. g3 Rae8 23. Nf4 Nf5 24. Ng6 Rf6 25. Ne5 Ne7 26. c5 bxc5 27. Nc4
Qd5 28. Qxd5 exd5 29. Ne5 c4 30. Rab1 Nf5 31. Nd7 Rfe6 32. Nc5 R6e7 33. a5 Nd6
34. a6 Nb5 35. Rbc1 Re2 36. Kf1 Ra2 37. Re1 Rxe1+ 38. Rxe1 Nxd4 39. Re7 Ra5 0-1

[Event "Valencia tch - Division de Honor"]
[Site "Comunidad Valenciana"]
[Date "2009.01.24"]
[Round "3.1"]
[White "Garcia Molla, Victor"]
[Black "Mancebo Ibañez, Fernando"]
[Result "1-0"]
[WhiteElo "2332"]
[BlackElo "2196"]
[PlyCount "59"]
[EventDate "2009.01.10"]
[EventType "team"]
[EventRounds "9"]
[EventCountry "ESP"]
[Source "lmi"]
[SourceDate "2009.01.10"]
[WhiteTeam "Ateneo Maritimo"]
[BlackTeam "Gambito"]

1. Nf3 d5 2. c4 d4 3. e3 Nc6 4. a3 e5 5. d3 Nf6 6. b4 dxe3 7. Bxe3 e4 8. b5 Ne7
9. Nd4 Ng6 10. Nc3 exd3 11. Bxd3 Bd6 12. Nf5 Be5 13. Qc2 Ng4 14. Bc5 Nf4 15.
Be4 Qf6 16. O-O-O Bxc3 17. Be7 Bd2+ 18. Kxd2 Qb6 19. Kc1 Bxf5 20. Bxf5 Kxe7 21.
Rd7+ Kf6 22. Bxg4 g6 23. Qc3+ Kg5 24. Qe5+ f5 25. g3 Ne6 26. h4+ Kh6 27. h5 Kg5
28. Be2 gxh5 29. Rg7+ Nxg7 30. Qxg7+ 1-0

[Event "Valencia tch - Division de Honor"]
[Site "Comunidad Valenciana"]
[Date "2009.01.24"]
[Round "3.2"]
[White "Mari Sancho, Rafael"]
[Black "Barbera Estelles, Rosendo"]
[Result "0-1"]
[WhiteElo "2262"]
[BlackElo "2211"]
[PlyCount "56"]
[EventDate "2009.01.10"]
[EventType "team"]
[EventRounds "9"]
[EventCountry "ESP"]
[Source "lmi"]
[SourceDate "2009.01.10"]
[WhiteTeam "Gambito"]
[BlackTeam "Ateneo Maritimo"]

1. d4 d5 2. c4 c6 3. cxd5 cxd5 4. Nf3 Nf6 5. Nc3 Nc6 6. Bf4 a6 7. e3 Bg4 8. Be2
e6 9. O-O Be7 10. Ne5 Bxe2 11. Qxe2 Rc8 12. Rac1 O-O 13. Nxc6 Rxc6 14. Rc2 Qa5
15. Rfc1 Rfc8 16. a3 Ne4 17. f3 Nxc3 18. bxc3 Bxa3 19. Ra1 Rxc3 20. Qe1 b5 21.
Bd6 b4 22. Rxc3 Rxc3 23. Bc5 Qb5 24. Qh4 h6 25. Qe7 Qe2 26. Kh1 Bc1 27. h3 Rc2
28. Qf8+ Kh7 0-1

[Event "Valencia tch - Division de Honor"]
[Site "Comunidad Valenciana"]
[Date "2009.01.24"]
[Round "3.3"]
[White "Plaza Pardo, Daniel"]
[Black "Navarro Lerma, Ramon"]
[Result "0-1"]
[WhiteElo "2205"]
[BlackElo "2207"]
[PlyCount "102"]
[EventDate "2009.01.10"]
[EventType "team"]
[EventRounds "9"]
[EventCountry "ESP"]
[Source "lmi"]
[SourceDate "2009.01.10"]
[WhiteTeam "Ateneo Maritimo"]
[BlackTeam "Gambito"]

1. e4 c5 2. Nf3 e6 3. d4 cxd4 4. Nxd4 a6 5. Nc3 Qc7 6. Bd3 b5 7. O-O Nf6 8. Re1
d6 9. a4 b4 10. Na2 e5 11. Nb3 Nc6 12. c3 bxc3 13. Nxc3 Nb4 14. Bg5 Be7 15. Rc1
Qd8 16. Bc4 Be6 17. Bxf6 Bxf6 18. Nd5 Bxd5 19. Bxd5 Rb8 20. Bc6+ Ke7 21. Rc3
Qc7 22. Bd5 Qd7 23. Na5 Rhc8 24. Rxc8 Qxc8 25. Qd2 Qc5 26. Nb3 Qb6 27. Rc1 a5
28. Rc3 h6 29. g3 h5 30. h4 g6 31. Bc4 Rb7 32. Bb5 Rc7 33. Qc1 Rxc3 34. Qxc3
Kf8 35. Qc8+ Kg7 36. Qd7 Bd8 37. Bc4 Qc7 38. Qb5 Qa7 39. Qe8 Bb6 40. Kg2 Bxf2
41. Bxf7 Qxf7 42. Qxf7+ Kxf7 43. Kxf2 Nd3+ 44. Ke3 Nxb2 45. Nxa5 Nxa4 46. Nc4
Ke6 47. Kd3 Nc5+ 48. Ke3 Nxe4 49. Kxe4 d5+ 50. Kd3 dxc4+ 51. Kxc4 Kf5 0-1

[Event "Valencia tch - Division de Honor"]
[Site "Comunidad Valenciana"]
[Date "2009.01.24"]
[Round "3.4"]
[White "Uris Escolano, Miguel"]
[Black "Balada Moreno, Jose Luis"]
[Result "0-1"]
[WhiteElo "2211"]
[BlackElo "2162"]
[PlyCount "80"]
[EventDate "2009.01.10"]
[EventType "team"]
[EventRounds "9"]
[EventCountry "ESP"]
[Source "lmi"]
[SourceDate "2009.01.10"]
[WhiteTeam "Gambito"]
[BlackTeam "Ateneo Maritimo"]

1. d4 c5 2. d5 e5 3. e4 d6 4. Nc3 a6 5. a4 Ne7 6. Be2 Ng6 7. g3 Be7 8. h4 Nd7
9. Nf3 Nf6 10. Nd2 Bd7 11. Nc4 b6 12. h5 Nf8 13. f4 b5 14. axb5 axb5 15. Rxa8
Qxa8 16. Nb6 Qa5 17. Nxd7 N8xd7 18. fxe5 Nxe4 19. Bxb5 Nxc3 20. Bxd7+ Kxd7 21.
Qg4+ Kd8 22. O-O Nxd5 23. Rd1 Re8 24. Qxg7 c4 25. Qxf7 Qc5+ 26. Qf2 Qxf2+ 27.
Kxf2 Nb4 28. exd6 Bf6 29. Be3 Kd7 30. Ra1 Bxb2 31. Ra7+ Kxd6 32. Rxh7 Nxc2 33.
Bf4+ Kd5 34. h6 Bd4+ 35. Kf3 c3 36. Rc7 Ne1+ 37. Kg4 Nd3 38. Bg5 Kd6 39. Rb7
Rg8 40. Rf7 Ne5+ 0-1